[One Piece] Personnages aléatoires en images 1 - Statistiques

Statistiques générales
  • Ce quiz a été pris 1 972 fois
  • Le résultat moyen est 7 sur 20
Statistiques - réponses
Par images Réponse % Correct
Ace
100%
Akainu (Sakazuki)
100%
Aokiji (Kuzan)
100%
Baggy
100%
Bartholomew Kuma
100%
Bartolomeo
100%
Basil Hawkins
100%
Brook
100%
Cavendish
100%
Charlotte Linlin
100%
Crocodile
100%
Don Quichotte Doflamingo
100%
Don Quichotte Rossinante
100%
Edward Newgate
100%
Gecko Moria
100%
Gem
100%
Gol D. Roger
100%
Inazuma
100%
Jesus Burgess
100%
Kaido
100%
Kidd
100%
Kinemon
100%
Koala
100%
Koby
100%
Marco
100%
Marshall D. Teach
100%
Monkey D. Dragon
100%
Monkey D. Garp
100%
Morgan
100%
Nefertari D. Vivi
100%
Nico Robin
100%
Perona
100%
Pica
100%
Sabo
100%
Shanks
100%
Tony Tony Chopper
100%
Yasopp
100%
Charlotte Pudding
94%
Daz Bones
94%
Jewelry Bonney
94%
Silvers Rayleigh
94%
Magellan
93%
Pekoms
93%
Galdino
92%
Kaloo
92%
X Drake
92%
Alvida
91%
Emporio Ivankov
91%
Foxy
91%
Boa Hancock
90%
Charlotte Katakuri
90%
Ener
90%
Jinbe
90%
Belmer
89%
Fujitora (Issho)
89%
Kizaru (Borsalino)
89%
Spandam
89%
Arlong
88%
Capone "Gang" Bege
88%
Hajrudin
88%
Queen
88%
Rob Lucci
88%
Ryokugyu (Aramaki)
88%
Shû
88%
Trafalgar D. Water Law
88%
Bentham
86%
Catarina Devon
86%
King
86%
Kurozumi Tama
86%
Miss Monday
86%
Stussy
86%
Haguar D. Sauro
85%
Killer
85%
Belmer
83%
Don Chinjao
83%
Gladius
83%
Kalgara
83%
Kalifa
83%
Kurozumi Kanjuro
83%
Page One
83%
Sengoku
83%
Shiliew
83%
Tashigi
83%
Bellamy
82%
Blueno
82%
Pell
82%
Smoker
82%
Hina
80%
Kaku
80%
Señor Pink
80%
Sentomaru
80%
Ulti
80%
Wiper
80%
Léo
79%
Riku Viola
79%
Charlotte Brûlée
78%
Doc Q
78%
Jack
78%
Kurozumi Orochi
78%
Nojiko
78%
Raizo
78%
Trebol
78%
Vegapunk
78%
Yamato
78%
Tamago
77%
Avalo Pizarro
75%
César Clown
75%
Chaka
75%
Dellinger
75%
Marianne
75%
Monet
75%
Monkey D. Luffy
75%
Nami
75%
Octy
75%
Penguin
75%
Vista
75%
Wapol
75%
Benn Beckman
73%
Charlotte Oven
73%
Dolton
73%
Squard
73%
Van Augur
73%
Babe
71%
Crocus
71%
Who's Who
71%
Charlotte Perospero
70%
Black Maria
69%
Charlotte Smoothie
69%
Charlotte Cracker
67%
Fullbody
67%
Gunko
67%
Morgans
67%
Mr. 9
67%
Scratchmen Apoo
67%
Smack
67%
Vergo
67%
Absalom
64%
Buffalo
64%
Ginney
64%
Mikita
64%
Namur
64%
Bogart
63%
Johnny
63%
Joz
62%
Boa Sandersonia
60%
Caribou
60%
Hattori
60%
Kong
60%
Lucky Roux
60%
Shiki
60%
Shinobu
60%
Drophy
58%
Hack
58%
John Giant
58%
Momonga
58%
Charlotte Mont D'Or
57%
Hermep
57%
Jora
57%
S-Bear
57%
S-Shark
57%
S-Snake
57%
Charlotte Opéra
56%
Izo
56%
Morley
56%
Mother Carmel
56%
Shachi
56%
S-Hawk
56%
Belo Betty
50%
Heat
50%
Jabura
50%
Jango
50%
Jeet
50%
Lindbergh
50%
Machvise
50%
Moda
50%
Nezumi
50%
Pierre
50%
Sanjuan Wolf
50%
Sasaki
50%
S-Hawk
50%
Smiley
50%
Chocolat
45%
Thatch
45%
Bastille
44%
Diamante
44%
Streusen
44%
Yosaku
44%
Blue Gilly
43%
Dalmatien
43%
Funkfreed
43%
Kamakiri
43%
Karma
43%
S-Shark
43%
Bepo
40%
Doberman
40%
Haruta
40%
Jean Bart
40%
Kozuki Toki
40%
Mr. 11
40%
Rockstar
40%
Sugar
40%
Very Good
40%
Baby 5
38%
Islewan
38%
Mayushika
38%
Monster
38%
Scopper Gaban
38%
Tsuru
38%
Turco
38%
Manshelly
36%
Aisa
33%
Arthur
33%
Bee Anne
33%
Blenheim
33%
Blondie
33%
Coribou
33%
Curiel
33%
Genzo
33%
Gorilla
33%
Kelly Funk
33%
Little Oz Jr.
33%
Meuh-Meuh
33%
Reverse
33%
Rika
33%
Take
33%
Ideo
31%
Onimaru
31%
Biblo
30%
Don Sai
30%
Prince Gles
30%
S-Bear
30%
Koza
29%
Strawberry
29%
T. Bone
29%
Boa Marigold
27%
Demalo Black
27%
Lassou
27%
Bonk Punch
25%
Boo
25%
Charlotte Daifuku
25%
Farul
25%
Fukuro
25%
Gerd
25%
Miss Father's Day
25%
Miss Friday
25%
Miss Tuesday
25%
Mr. 13
25%
Nosgarl
25%
Sarquiss
25%
Sunbell
25%
Zala
25%
Gaburu
23%
Clione
22%
Igaram
22%
Komir
22%
Kumadori
22%
Kurozumi Higurashi
22%
Stronger
22%
Vander Decken IX
22%
Agsilly
21%
Genbo
21%
Ratel
21%
Atmos
20%
Bizarre
20%
Bunny Joe
20%
Fosa
20%
Frères Decalvan
20%
Herb
20%
Joseph
20%
Karasu
20%
Lao G
20%
McGuy
20%
Miss Catharina
20%
Mozambia
20%
Mr. 7
20%
Mr. Love
20%
Pudding Pudding
20%
Road
20%
Saint Limoshiev Kiringham
20%
Vasco Shot
20%
Abdullah
18%
A.O.
18%
Guernica
18%
Mr. Beans
18%
Ronse
18%
Amadob
17%
Braham
17%
Charlotte Nyûshi
17%
Kuroobi
17%
Mr. Mellow
17%
Nora Gitsune
17%
Orlumbus
17%
Speedjill
17%
S-Snake
17%
Yamakaji
17%
Blamenco
15%
Chiya
14%
Gal
14%
Hongo
14%
Kujaku
14%
Laki
14%
Mountblutain
14%
Ninth
14%
Onigumo
14%
Quincy
14%
Rakuyo
14%
Stalker
14%
Ushiano
14%
André
13%
Bluegrass
13%
Chaton (Tokikake)
13%
Cocoa
13%
Columbus
13%
Doma
13%
Kabu
13%
Lacroix
13%
Maynard
13%
Pomsky
13%
Sanshita
13%
Urban
13%
Brocca
11%
Bubblegum
11%
Charlotte Galette
11%
Daddy Dee
11%
Epoida
11%
Isuka
11%
Julius
11%
Lip Service Doughty
11%
Brandnew
10%
Cotton
10%
Erick
10%
Guillotine
10%
Kashigami
10%
Mamy Mee
10%
Momousagi (Gion)
10%
Rec
10%
Rowing
10%
Sharinguru
10%
Banchi
9%
Elmy
9%
Hip
9%
Kadar
9%
Kaneshiro
9%
Lines
9%
Mule
9%
Papas
9%
Saint Shepherd Sommers
9%
Suleiman
9%
Zott
9%
Drip
8%
Fishbonen
8%
Jero
8%
Mani
8%
Mr. 10
8%
Rangram
8%
Terry Gilteo
8%
Wicka
8%
Wire
8%
Bomba
7%
Building Snake
7%
Cands
7%
Emma
7%
Kyuji
7%
Lackey
7%
Rokkaku
7%
Ahiru
0%
Akehende
0%
Aksatanain
0%
Akumai
0%
Albion
0%
Asahija
0%
Attach
0%
Baggaley
0%
Bakezo
0%
Bankuro
0%
Baxcon
0%
Blumarine
0%
Bobomba
0%
Bomba
0%
Boogie
0%
Brew
0%
Bunbuku
0%
Cancer
0%
Candre
0%
Catacombo
0%
CB Galant
0%
Chabo
0%
Choï
0%
Coburn
0%
Colscon
0%
Compo
0%
Daigin
0%
Daikon
0%
Delacuaji
0%
Diez Barrels
0%
Disc J
0%
Dive
0%
Doll
0%
Donquino
0%
Doringo
0%
Eddy
0%
Elio
0%
Farafra
0%
Flapper
0%
Forliewbs
0%
Fossa
0%
Gambia
0%
Gambo
0%
Ganryu
0%
Gig
0%
Gismonda
0%
Glove
0%
Goldberg
0%
Great Michael
0%
Hakugan
0%
Hangan
0%
Happygun
0%
Hewitt
0%
Hibari
0%
Hop
0%
Hound
0%
House
0%
Howling Gab
0%
Ikkaku
0%
Inhel
0%
Isa
0%
Jackson Banner
0%
Jagger
0%
Jenfétro
0%
Jiron
0%
Kebi
0%
Kechatch
0%
Kibin
0%
Kinga
0%
Kingdew
0%
Koda
0%
Komakkov
0%
Kurouma (Tensei)
0%
Kurozumi Semimaru
0%
Kyuin
0%
Lily
0%
Limejuice
0%
Maha
0%
Makko
0%
Manjaro
0%
Mashikaku
0%
MAX Marks
0%
Millet Pine
0%
Moaï
0%
Moon Isaac Jr.
0%
Mosh
0%
Mousse
0%
Mr. Momora
0%
Mr. Shimizu
0%
Mugren
0%
Najime Sound
0%
Nakoh
0%
Natto
0%
Nazu Ketagari
0%
Nola
0%
Nozdon
0%
Nubon
0%
Okame
0%
Ototogisu
0%
Palms
0%
Pavlik
0%
Pellini
0%
Petermoo
0%
Pike
0%
Pisaro
0%
Pomp
0%
Ramba
0%
Rampo
0%
Red King
0%
Reforto
0%
Ripper
0%
Roth
0%
Rush
0%
Seto
0%
Shine
0%
Shioyaku
0%
Sicily
0%
Sleepy
0%
Spencer
0%
Sspaden
0%
Stainless
0%
Stansen
0%
Taro
0%
UK
0%
Ukkari
0%
Uni
0%
Vitan
0%
Wallem
0%
Warashi
0%
Whitey Bay
0%
Yamon
0%
Yotsubane
0%
Yui
0%
Zodia
0%
Zucca
0%
Aucun quiz correspondant
Distribution des résultats
% des personnes avec chaque résultat
Percentile par nombre de réponses
Votre historique - résultats
Vous n’avez pas pris ce quiz